[Event "Muensterland Verbandsliga 1314"]
[Site "Germany"]
[Date "2014.04.05"]
[Round "8.7"]
[White "Willermann, Norbert"]
[Black "Merkentrup, Ralf"]
[Result "1-0"]
[WhiteElo "1688"]
[BlackElo "1644"]
[PlyCount "79"]
[EventDate "2013.09.07"]
[EventType "team-tourn"]
[EventRounds "9"]
[EventCountry "GER"]
[SourceTitle "EXT 2015"]
[Source "ChessBase"]
[SourceDate "2014.11.20"]
[SourceVersion "1"]
[SourceVersionDate "2014.11.20"]
[SourceQuality "1"]
[WhiteTeam "Ostbevern Westbevern"]
[BlackTeam "Beelen"]
[WhiteTeamCountry "GER"]
[BlackTeamCountry "GER"]

1. e4 e5 2. Nf3 Nc6 3. Bc4 Nf6 4. d3 Bc5 5. Nc3 d6 6. Bg5 Na5 7. Bb3 Nxb3 8. axb3 a6 9. Nd5 Be6 10. Nxf6+ gxf6 11. Be3 Bxe3 12. fxe3 Rg8 13. Qd2 Qd7 14. Qf2 0-0-0 15. 0-0-0 Bg4 16. h3 Bxf3 17. Qxf3 Rg6 18. g4 Rdg8 19. Rdf1 Kb8 20. Qf5 Qc6 21. Rh2 Qb6 22. Re2 Rh6 23. Qf3 Rhg6 24. Qf5 Rh6 25. Rf3 Qc6 26. Rg3 Rg5 27. Qf1 d5 28. exd5 Qxd5 29. e4 Qe6 30. Rf2 Rgg6 31. Rf5 Qb6 32. Rgf3 Qa5 33. Kb1 Kc8 34. c3 Qb6 35. Kc2 Kd7 36. Qg2 Ke7 37. Qg3 Qe6 38. h4 Rg7 39. g5 fxg5 40. Rxe5 1-0

[Event "Muensterland Verbandsklasse-B 1213"]
[Site "Germany"]
[Date "2012.12.15"]
[Round "4.8"]
[White "Zorn, Karl"]
[Black "Merkentrup, Ralf"]
[Result "1/2-1/2"]
[WhiteElo "1230"]
[BlackElo "1676"]
[PlyCount "37"]
[EventDate "2012.09.15"]
[EventType "team-tourn"]
[EventRounds "9"]
[EventCountry "GER"]
[SourceTitle "EXT 2015"]
[Source "ChessBase"]
[SourceDate "2014.11.20"]
[SourceVersion "1"]
[SourceVersionDate "2014.11.20"]
[SourceQuality "1"]
[WhiteTeam "Stadtlohn"]
[BlackTeam "Beelen"]
[WhiteTeamCountry "GER"]
[BlackTeamCountry "GER"]

1. d4 Nf6 2. Nf3 g6 3. c4 Bg7 4. Nc3 0-0 5. e4 d6 6. Be2 e5 7. d5 a5 8. 0-0 Na6 9. Bg5 Qe8 10. h3 Nh5 11. Qd2 f5 12. exf5 gxf5 13. Bh6 f4 14. Bxg7 Nxg7 15. Ne4 Qg6 16. Bd3 Nf5 17. Kh2 Qh5 18. Be2 Nh4 19. Qd1 1/2-1/2

[Event "Muensterland Verbandsklasse-B 0910"]
[Site "Germany"]
[Date "2010.01.30"]
[Round "6.6"]
[White "Noering, Andreas"]
[Black "Merkentrup, Ralf"]
[Result "1-0"]
[WhiteElo "1810"]
[BlackElo "1671"]
[PlyCount "71"]
[EventDate "2009.09.19"]
[EventType "team-tourn"]
[EventRounds "9"]
[EventCountry "GER"]
[SourceTitle "EXT 2011"]
[Source "ChessBase"]
[SourceDate "2010.11.26"]
[SourceVersion "1"]
[SourceVersionDate "2010.11.26"]
[SourceQuality "1"]
[WhiteTeam "Emsdetten Rochade"]
[BlackTeam "Beelen"]
[WhiteTeamCountry "GER"]
[BlackTeamCountry "GER"]

1. e4 e5 2. Bc4 Nf6 3. Nf3 Nc6 4. Ng5 d5 5. exd5 Na5 6. Bb5+ c6 7. dxc6 bxc6 8. Bd3 h6 9. Ne4 Nd5 10. 0-0 Be6 11. Nbc3 Nf4 12. Be2 f5 13. Ng3 Bd6 14. d4 Nxe2+ 15. Qxe2 Qf6 16. dxe5 Qxe5 17. Qxe5 Bxe5 18. Re1 Bxc3 19. Rxe6+ Kf7 20. Re2 Bf6 21. Nxf5 Rad8 22. Kf1 Nc4 23. c3 Ne5 24. Be3 a6 25. Bd4 Ng4 26. Bxf6 Kxf6 27. Ne3 Ne5 28. Rae1 Ng6 29. g3 Rhf8 30. Ng4+ Kg5 31. Ne5 Nxe5 32. Rxe5+ Kg6 33. Re6+ Kh7 34. Rxc6 Rd2 35. Re2 Rd1+ 36. Kg2 1-0